000 00796nam a22002777a 4500
001 BR7000574
003 BR-BrBNA
005 20230928083612.0
007 ta
008 230509b bl.||||| |||| 00| 0 por d
040 _aBR-BrBNA
_bpor
_cBiblioteca Nacional de Agricultura
041 _a(Por)
072 _aE10
_b/G514
090 _ E10 BR7000574
110 1 _aBanco do Nordeste do Brasil S.A., Fortaleza, CE. Depto. Rural
245 1 _aPropostas - Manual de analise [Financiamento; Credito agricola; Brasil]
260 3 _aFortaleza, CE (Brasil):
_c[nd].
300 _a86 p.
500 _aPublished after 1970
650 _aMacroeconomia
650 _aFinanciamento
650 _aInvestimento
650 _aCredito agricola
909 _a202309
_bLucia
_c55
_dLucia Elande
942 _cBK
999 _c14406
_d14406